000 01656naa a22003257a 4500
001 BR8500421
003 BR-BrBNA
005 20240918175509.0
007 ta
008 230509b bl.||||| |||| 00| 0 por d
040 _aBR-BrBNA
_bpor
_cBiblioteca Nacional de Agricultura
041 _a(Pt)
072 _aK10
_b3575
_b3530
_b3240
_bG514
090 _aK10 BR8500421
100 1 _aMonteiro, R.F.R.
100 1 _aKikuti, P.
100 1 _aCordeiro, J.A.
111 1 _aSimposio Internacional: Metodos de Producao e Controle de Qualidade de Sementes e Mudas Florestais
_cCuritiba, PR (Brazil)
_d19-23 Mar 1984
245 1 _aProducao de sementes e mudas de Eucalyptus dunnii Maiden na Fazenda Monte Alegre - Parana um desafio [eucalipto, Eucalyptus grandis, Eucalyptus viminalis, Eucalyptus deanei, Brasil]
246 1 _aThe production of seeds and seedlings of Eucalyptus dunnii in Fazenda Monte Alegre - state of Parana: a challenge [eucalipt, Eucalyptus grandis, Eucalyptus viminalis, Eucalyptus deanei, Brazil]
246 1 _aInternational symposium: methods for production and quality control of forest seeds and seedlings
260 3 _aCuritiba, PR (Brasil):
_c1984.
500 _aSimposio internacional: metodos de producao e controle de qualidade de sementes e mudas florestais Curitiba, PR (Brasil): 1984. p. 209-226 (BR8500421-AM)K10
650 _aSEMENTE
650 _aMUDA
650 _aEUCALIPTO
773 0 _tSimposio internacional: metodos de producao e controle de qualidade de sementes e mudas florestais
_wK10 BR8500421
_gCuritiba, PR (Brasil), 1984. p. 209-226
909 _a202404
_bLucia
_c55
_dLucia Elande
942 _cAM
_2AGRIS
999 _c317003
_d317003